[Event "Subotica-ch op"]
[Site "Subotica"]
[Date "2020.03.06"]
[Round "6"]
[White "Mester, Robert"]
[Black "Rajic, Ivan"]
[Result "1/2-1/2"]
[WhiteElo "1929"]
[BlackElo "1902"]
[PlyCount "25"]
[EventDate "2020.02.24"]
[EventType "swiss"]
[EventRounds "9"]
[EventCountry "SRB"]
[SourceTitle "CBM 195 Extra"]
[Source "ChessBase"]
[SourceDate "2020.05.31"]
[SourceVersion "1"]
[SourceVersionDate "2020.05.31"]
[SourceQuality "1"]

1. e4 e5 2. f4 Bc5 3. Nf3 d6 4. d4 exd4 5. Nxd4 Nf6 6. Nc3 Qe7 7. Qd3 a6 8. Be2 0-0 9. Bd2 Re8 10. Bf3 Bxd4 11. Qxd4 Nc6 12. Qf2 Bg4 13. 0-0-0 1/2-1/2

[Event "Subotica-ch op"]
[Site "Subotica"]
[Date "2020.02.26"]
[Round "2"]
[White "Bicskei, Mihaly"]
[Black "Mester, Robert"]
[Result "1-0"]
[WhiteElo "1887"]
[BlackElo "1929"]
[PlyCount "51"]
[EventDate "2020.02.24"]
[EventType "swiss"]
[EventRounds "9"]
[EventCountry "SRB"]
[SourceTitle "CBM 195 Extra"]
[Source "ChessBase"]
[SourceDate "2020.05.31"]
[SourceVersion "1"]
[SourceVersionDate "2020.05.31"]
[SourceQuality "1"]

1. Nf3 d5 2. e4 dxe4 3. Ng5 Nf6 4. d3 exd3 5. Bxd3 h6 6. Nxf7 Kxf7 7. Bg6+ Kxg6 8. Qxd8 Na6 9. Bf4 e5 10. Bd2 Kh7 11. Qd3+ e4 12. Qf1 Bd7 13. Nc3 Bc5 14. 0-0-0 Rhe8 15. h3 Rad8 16. g4 Bc6 17. Be3 g5 18. Qc4 Bxe3+ 19. fxe3 Rxd1+ 20. Rxd1 Kg6 21. b4 Bd7 22. b5 Be6 23. Qd4 c5 24. bxc6 bxc6 25. Rf1 Ng8 26. Qxe4+ 1-0

[Event "Subotica-ch op"]
[Site "Subotica"]
[Date "2020.02.24"]
[Round "1"]
[White "Nadj Hedjesi, Balind"]
[Black "Mester, Robert"]
[Result "1-0"]
[WhiteElo "2300"]
[BlackElo "1929"]
[PlyCount "47"]
[EventDate "2020.02.24"]
[EventType "swiss"]
[EventRounds "9"]
[EventCountry "SRB"]
[SourceTitle "CBM 195 Extra"]
[Source "ChessBase"]
[SourceDate "2020.05.31"]
[SourceVersion "1"]
[SourceVersionDate "2020.05.31"]
[SourceQuality "1"]

1. d4 e5 2. dxe5 Nc6 3. Nf3 Bc5 4. Bg5 Nge7 5. e3 h6 6. Bh4 g5 7. Bg3 Ng6 8. Bc4 g4 9. Qd5 Qe7 10. Nd4 Bxd4 11. exd4 Nb4 12. Qe4 d5 13. Bxd5 Nxd5 14. Qxd5 Qb4+ 15. Nc3 c6 16. Qb3 Qxd4 17. Rd1 Qc5 18. Ne4 Qa5+ 19. c3 0-0 20. 0-0 Nxe5 21. Rd6 Kg7 22. Qd1 Bf5 23. b4 Qb5 24. a4 1-0

[Event "Subotica City-ch"]
[Site "Subotica"]
[Date "2019.03.13"]
[Round "8"]
[White "Bicskei, Mihaly"]
[Black "Mester, Robert"]
[Result "1/2-1/2"]
[WhiteElo "1892"]
[BlackElo "1916"]
[PlyCount "120"]
[EventDate "2019.02.25"]
[EventType "swiss"]
[EventRounds "9"]
[EventCountry "SRB"]
[SourceTitle "CBM 189 Extra"]
[Source "ChessBase"]
[SourceDate "2019.06.03"]
[SourceVersion "1"]
[SourceVersionDate "2019.06.03"]
[SourceQuality "1"]

1. d4 e5 2. d5 c5 3. c4 d6 4. e4 f5 5. Nc3 Nf6 6. Bd3 fxe4 7. Nxe4 Be7 8. Nxf6+ Bxf6 9. Qh5+ g6 10. Qe2 0-0 11. Nf3 Bg4 12. Be4 Nd7 13. Bd2 a6 14. 0-0 Bf5 15. Qd3 Bxe4 16. Qxe4 b5 17. b3 b4 18. Rad1 a5 19. Bh6 Bg7 20. Bg5 Bf6 21. Bh6 Re8 22. h4 a4 23. h5 gxh5 24. Rd3 Bg7 25. Bxg7 Kxg7 26. Nh4 Kh8 27. Rh3 axb3 28. axb3 Qg5 29. Nf3 Qg6 30. Qe3 Rg8 31. Rg3 Qf6 32. Nd2 Qf4 33. Rf3 Qd4 34. Ne4 Rg6 35. Rh3 Qxe3 36. fxe3 Kg7 37. Rxh5 h6 38. Rhf5 Rf8 39. Rxf8 Nxf8 40. Ra1 Nh7 41. Ra7+ Kg8 42. Rd7 Ng5 43. Nxd6 Nf3+ 44. Kf2 Nd2 45. Nb7 Nxb3 46. d6 Nd2 47. Rd8+ Kf7 48. Rd7+ Kf8 49. Nxc5 Nxc4 50. Rd8+ Kf7 51. Ne4 Re6 52. Ke2 b3 53. Rb8 Nxd6 54. Nc5 Rg6 55. Kf2 Rf6+ 56. Kg1 Nf5 57. Rxb3 Kg6 58. Ne4 Re6 59. g4 Ng7 60. Kg2 h5 1/2-1/2

[Event "Subotica City-ch"]
[Site "Subotica"]
[Date "2019.03.04"]
[Round "4"]
[White "Stojanovski, Zdravko"]
[Black "Mester, Robert"]
[Result "1/2-1/2"]
[WhiteElo "2107"]
[BlackElo "1916"]
[PlyCount "38"]
[EventDate "2019.02.25"]
[EventType "swiss"]
[EventRounds "9"]
[EventCountry "SRB"]
[SourceTitle "CBM 189 Extra"]
[Source "ChessBase"]
[SourceDate "2019.06.03"]
[SourceVersion "1"]
[SourceVersionDate "2019.06.03"]
[SourceQuality "1"]

1. e4 e5 2. Ne2 Nc6 3. Nbc3 Bc5 4. Na4 Bb6 5. Nxb6 axb6 6. c3 d6 7. d4 exd4 8. Nxd4 Nge7 9. Be2 0-0 10. 0-0 d5 11. exd5 Nxd4 12. Qxd4 Qxd5 13. Qf4 c6 14. Be3 b5 15. Rfd1 Qf5 16. Qd6 Nd5 17. Bc5 Be6 18. Bd3 Qg5 19. Bf1 Rfd8 1/2-1/2

[Event "Subotica-ch op"]
[Site "Subotica"]
[Date "2017.03.10"]
[Round "8"]
[White "Mester, Robert"]
[Black "Jelovac, Ivko"]
[Result "1/2-1/2"]
[WhiteElo "1943"]
[BlackElo "1894"]
[PlyCount "30"]
[EventDate "2017.02.22"]
[EventType "swiss"]
[EventRounds "9"]
[EventCountry "SRB"]
[SourceTitle "CBM 177 Extra"]
[Source "ChessBase"]
[SourceDate "2017.04.27"]
[SourceVersion "1"]
[SourceVersionDate "2017.04.27"]
[SourceQuality "1"]

1. e4 c5 2. Nf3 d6 3. d4 cxd4 4. Nxd4 Nc6 5. c4 Nf6 6. Nc3 Qb6 7. Ndb5 a6 8. Be3 Qd8 9. Nd4 Bg4 10. Be2 Bxe2 11. Qxe2 e6 12. 0-0 Be7 13. Rfd1 0-0 14. Rac1 Rc8 15. f4 Qc7 1/2-1/2

[Event "Subotica-ch op"]
[Site "Subotica"]
[Date "2017.02.27"]
[Round "3"]
[White "Mester, Robert"]
[Black "Brindza, Dezso"]
[Result "1-0"]
[WhiteElo "1943"]
[BlackElo "1746"]
[PlyCount "53"]
[EventDate "2017.02.22"]
[EventType "swiss"]
[EventRounds "9"]
[EventCountry "SRB"]
[SourceTitle "CBM 177 Extra"]
[Source "ChessBase"]
[SourceDate "2017.04.27"]
[SourceVersion "1"]
[SourceVersionDate "2017.04.27"]
[SourceQuality "1"]

1. e4 d6 2. d4 Nf6 3. Bd3 g6 4. f4 Bg7 5. Nf3 Bg4 6. 0-0 c6 7. c3 Qc7 8. Be3 Nbd7 9. Nbd2 Bh6 10. h3 Bxf3 11. Qxf3 e5 12. fxe5 Bxe3+ 13. Qxe3 dxe5 14. dxe5 Qxe5 15. Nc4 Qe7 16. e5 Nd5 17. Qd4 0-0 18. Rae1 Qc5 19. Nd6 Qxd4+ 20. cxd4 b5 21. Rc1 Ne7 22. Be4 Nb8 23. Nxb5 Nd5 24. Bxd5 cxd5 25. Nc7 Nd7 26. Nxa8 Rxa8 27. Rc7 1-0

[Event "Subotica-ch op"]
[Site "Subotica"]
[Date "2016.03.09"]
[Round "8"]
[White "Jelovac, Ivko"]
[Black "Mester, Robert"]
[Result "1/2-1/2"]
[WhiteElo "1951"]
[BlackElo "1915"]
[PlyCount "28"]
[EventDate "2016.02.22"]
[EventType "swiss"]
[EventRounds "9"]
[EventCountry "SRB"]
[SourceTitle "CBM 171 Extra"]
[Source "ChessBase"]
[SourceDate "2016.04.26"]
[SourceVersion "1"]
[SourceVersionDate "2016.04.26"]
[SourceQuality "1"]

1. e4 e5 2. Bc4 c6 3. Nf3 d5 4. exd5 cxd5 5. Bb5+ Bd7 6. Qe2 f6 7. 0-0 Bxb5 8. Qxb5+ Qd7 9. Nc3 d4 10. Qxd7+ Kxd7 11. Ne4 Nc6 12. a3 Rc8 13. d3 Nge7 14. Nc5+ Kc7 1/2-1/2

[Event "Subotica-ch op"]
[Site "Subotica"]
[Date "2016.02.24"]
[Round "2"]
[White "Pajzer, Istvan"]
[Black "Mester, Robert"]
[Result "1-0"]
[WhiteElo "2056"]
[BlackElo "1915"]
[PlyCount "73"]
[EventDate "2016.02.22"]
[EventType "swiss"]
[EventRounds "9"]
[EventCountry "SRB"]
[SourceTitle "CBM 171 Extra"]
[Source "ChessBase"]
[SourceDate "2016.04.26"]
[SourceVersion "1"]
[SourceVersionDate "2016.04.26"]
[SourceQuality "1"]

1. d4 e5 2. dxe5 Nc6 3. Nf3 Qe7 4. e4 Nxe5 5. Nc3 c6 6. Be2 Nf6 7. 0-0 g6 8. Nxe5 Qxe5 9. f4 Bc5+ 10. Kh1 Qd4 11. e5 Qxd1 12. Rxd1 Ng8 13. Ne4 Be7 14. Be3 h5 15. Rd2 Nh6 16. Rad1 b6 17. h3 Nf5 18. Bf2 Kd8 19. c3 Kc7 20. b4 a5 21. b5 Rf8 22. c4 f6 23. exf6 Bxf6 24. g4 hxg4 25. hxg4 Ng7 26. c5 bxc5 27. b6+ Kb8 28. Bxc5 Rh8+ 29. Kg1 Ne8 30. Rxd7 Bxd7 31. Rxd7 a4 32. g5 Bb2 33. Nd6 Nxd6 34. Bxd6+ Kc8 35. Bg4 Bd4+ 36. Kg2 Bxb6 37. Rh7+ 1-0

[Event "Subotica-ch"]
[Site "Subotica"]
[Date "2015.03.04"]
[Round "8"]
[White "Mester, Robert"]
[Black "Smit, Jovan"]
[Result "1-0"]
[WhiteElo "1934"]
[BlackElo "1823"]
[PlyCount "113"]
[EventDate "2015.02.16"]
[EventType "swiss"]
[EventRounds "9"]
[EventCountry "SRB"]
[SourceTitle "CBM 165 Extra"]
[Source "ChessBase"]
[SourceDate "2015.04.21"]
[SourceVersion "1"]
[SourceVersionDate "2015.04.21"]
[SourceQuality "1"]

1. e4 c5 2. f4 d6 3. Nf3 Nc6 4. d4 cxd4 5. Nxd4 Nf6 6. Nxc6 bxc6 7. Bd3 g6 8. 0-0 Bg7 9. c3 0-0 10. Nd2 Ng4 11. Qe2 Qb6+ 12. Kh1 a5 13. h3 Nf6 14. g4 a4 15. a3 Ba6 16. Nc4 Bxc4 17. Bxc4 Rab8 18. Qc2 Qa7 19. Re1 Nd7 20. Be3 Qa8 21. Rad1 Rfd8 22. Kh2 Nb6 23. Ba2 Qa6 24. Qe2 Qb7 25. Rd2 e6 26. Bd4 d5 27. Bxg7 Kxg7 28. exd5 cxd5 29. Qe5+ Kg8 30. Qf6 Nd7 31. Qd4 Qc6 32. h4 Nc5 33. h5 Nb3 34. Bxb3 Rxb3 35. h6 Kf8 36. f5 gxf5 37. Qg7+ Ke7 38. gxf5 Qd6+ 39. Kg1 Rbb8 40. f6+ Ke8 41. Qg8+ Qf8 42. Rxe6+ Kd7 43. Qxf8 Rxf8 44. Re5 Rg8+ 45. Kf1 Rg6 46. Rexd5+ Ke6 47. Rd6+ Kf5 48. Ra6 Rxh6 49. Rf2+ Ke4 50. Rxa4+ Ke3 51. Ra7 Rg8 52. Re7+ Kd3 53. Rf3+ Kd2 54. Rd7+ Kc2 55. Rxf7 Rh2 56. Rg7 Rd8 57. Rf2+ 1-0

[Event "Subotica-ch"]
[Site "Subotica"]
[Date "2015.02.27"]
[Round "6"]
[White "Mester, Robert"]
[Black "Takacs, Tibor"]
[Result "1/2-1/2"]
[WhiteElo "1934"]
[BlackElo "1976"]
[PlyCount "81"]
[EventDate "2015.02.16"]
[EventType "swiss"]
[EventRounds "9"]
[EventCountry "SRB"]
[SourceTitle "CBM 165 Extra"]
[Source "ChessBase"]
[SourceDate "2015.04.21"]
[SourceVersion "1"]
[SourceVersionDate "2015.04.21"]
[SourceQuality "1"]

1. e4 e6 2. d4 d5 3. exd5 exd5 4. Nf3 Nf6 5. Bg5 Bg4 6. Be2 Be7 7. 0-0 0-0 8. c3 c6 9. Nbd2 Nbd7 10. Re1 Re8 11. Nf1 Nf8 12. Ne3 Ne6 13. h3 Bxf3 14. Bxf3 h6 15. Bxf6 Bxf6 16. Qd2 Qd7 17. b4 b5 18. a4 a6 19. axb5 axb5 20. Rxa8 Rxa8 21. Bg4 Re8 22. Nd1 Qd6 23. Bxe6 fxe6 24. Qe2 e5 25. dxe5 Bxe5 26. Kh1 Re7 27. Qd3 Bf6 28. Rxe7 Qxe7 29. Qe3 Qxe3 30. fxe3 Kf7 31. Kg1 Ke6 32. Kf2 Ke5 33. Kf3 g5 34. g4 Bg7 35. Nf2 Ke6 36. Nd1 Kd6 37. Ke2 Ke5 38. Kd3 Bf6 39. Nf2 Bg7 40. e4 dxe4+ 41. Nxe4 1/2-1/2

[Event "Subotica-ch"]
[Site "Subotica"]
[Date "2015.02.23"]
[Round "4"]
[White "Mester, Robert"]
[Black "Kovac, Zoltan"]
[Result "0-1"]
[WhiteElo "1934"]
[BlackElo "2048"]
[PlyCount "90"]
[EventDate "2015.02.16"]
[EventType "swiss"]
[EventRounds "9"]
[EventCountry "SRB"]
[SourceTitle "CBM 165 Extra"]
[Source "ChessBase"]
[SourceDate "2015.04.21"]
[SourceVersion "1"]
[SourceVersionDate "2015.04.21"]
[SourceQuality "1"]

1. e4 c6 2. d4 d5 3. exd5 cxd5 4. c4 Nf6 5. Nc3 Nc6 6. Be3 g6 7. Nf3 Bg7 8. cxd5 Nxd5 9. Bb5 0-0 10. Bxc6 bxc6 11. 0-0 Rb8 12. Qd2 Bg4 13. Rfc1 Nxe3 14. fxe3 Bxf3 15. gxf3 e5 16. Ne2 Qg5+ 17. Kh1 exd4 18. Nxd4 Rfd8 19. Qf2 Bxd4 20. exd4 Rb4 21. Rc5 Qf4 22. Rac1 Rbxd4 23. Qg3 Qe3 24. Rg1 Rd1 25. Rc3 Rxg1+ 26. Qxg1 Qe2 27. Re3 Qc2 28. Re1 Rd2 29. Qg3 Qxb2 30. h4 Kg7 31. h5 Rd5 32. hxg6 hxg6 33. a4 Rh5+ 34. Kg1 Qd4+ 35. Kf1 Rh1+ 36. Kg2 Rxe1 37. Qxe1 c5 38. a5 c4 39. a6 c3 40. Kh3 c2 41. Kg2 Qc5 42. Qc1 f6 43. Kf1 Qc4+ 44. Kf2 Qd4+ 45. Ke2 Qd1+ 0-1

[Event "Subotica-ch"]
[Site "Subotica"]
[Date "2015.02.18"]
[Round "2"]
[White "Mester, Robert"]
[Black "Avram, Veso"]
[Result "0-1"]
[WhiteElo "1934"]
[BlackElo "2109"]
[PlyCount "60"]
[EventDate "2015.02.16"]
[EventType "swiss"]
[EventRounds "9"]
[EventCountry "SRB"]
[SourceTitle "CBM 165 Extra"]
[Source "ChessBase"]
[SourceDate "2015.04.21"]
[SourceVersion "1"]
[SourceVersionDate "2015.04.21"]
[SourceQuality "1"]

1. e4 c5 2. f4 Nc6 3. Nf3 e6 4. d4 cxd4 5. Nxd4 a6 6. Nxc6 bxc6 7. Be3 Nf6 8. Bd3 d5 9. e5 Nd7 10. 0-0 Bc5 11. Bxc5 Nxc5 12. b3 a5 13. Nc3 Ba6 14. Bxa6 Rxa6 15. Qd4 Qb6 16. f5 exf5 17. Rxf5 Ne6 18. Qxb6 Rxb6 19. Raf1 0-0 20. R5f2 Rb4 21. a3 Rd4 22. Rd1 Re8 23. Rxd4 Nxd4 24. Kf1 Rxe5 25. Rd2 Ne6 26. Re2 f6 27. Rxe5 fxe5 28. g3 Nd4 29. b4 axb4 30. axb4 Kf7 0-1

[Event "Subotica-ch"]
[Site "Subotica"]
[Date "2014.03.10"]
[Round "9"]
[White "Matkovic, Jovan"]
[Black "Mester, Robert"]
[Result "1/2-1/2"]
[WhiteElo "2017"]
[BlackElo "1933"]
[PlyCount "62"]
[EventDate "2014.02.19"]
[EventType "swiss"]
[EventRounds "9"]
[EventCountry "SRB"]
[SourceTitle "CBM 159 Extra"]
[Source "ChessBase"]
[SourceDate "2014.04.24"]
[SourceVersion "1"]
[SourceVersionDate "2014.04.24"]
[SourceQuality "1"]

1. e4 e5 2. Nf3 Nc6 3. Bc4 Nd4 4. 0-0 Nxf3+ 5. Qxf3 Qf6 6. Qb3 Bc5 7. Nc3 Ne7 8. Na4 Bb6 9. Nxb6 axb6 10. Qe3 0-0 11. f4 exf4 12. Rxf4 Qc6 13. Bb3 d5 14. d4 dxe4 15. Rxe4 Ng6 16. Bd2 Bf5 17. d5 Qc5 18. Rd4 Rfe8 19. Qf2 Re2 20. Qxe2 Qxd4+ 21. Qf2 Qxf2+ 22. Kxf2 c6 23. c4 Ne5 24. Bc3 Nd7 25. g4 Bxg4 26. Rg1 Bf5 27. Bxg7 Bg6 28. Bd4 Re8 29. h4 Re4 30. h5 Rxd4 31. hxg6 hxg6 1/2-1/2

[Event "Subotica-ch"]
[Site "Subotica"]
[Date "2014.03.07"]
[Round "8"]
[White "Mester, Robert"]
[Black "Pajzer, Istvan"]
[Result "1-0"]
[WhiteElo "1933"]
[BlackElo "2157"]
[PlyCount "94"]
[EventDate "2014.02.19"]
[EventType "swiss"]
[EventRounds "9"]
[EventCountry "SRB"]
[SourceTitle "CBM 159 Extra"]
[Source "ChessBase"]
[SourceDate "2014.04.24"]
[SourceVersion "1"]
[SourceVersionDate "2014.04.24"]
[SourceQuality "1"]

1. e4 c5 2. f4 d6 3. Nf3 Nc6 4. d4 cxd4 5. Nxd4 Bd7 6. Nxc6 Bxc6 7. Bd3 g6 8. Bd2 Bg7 9. Bc3 Nf6 10. 0-0 Qb6+ 11. Kh1 0-0 12. Nd2 Rac8 13. Qe2 Nd7 14. Nc4 Qc7 15. Bxg7 Kxg7 16. b4 Bb5 17. Ne3 Bxd3 18. cxd3 e6 19. a4 a6 20. g3 Qc6 21. Rfb1 f5 22. Rc1 Qxc1+ 23. Rxc1 Rxc1+ 24. Kg2 Nf6 25. exf5 exf5 26. Qb2 Rfc8 27. Nc4 Re1 28. Nxd6 Rc6 29. Nxb7 Kh6 30. Nd8 Rb6 31. a5 Rbe6 32. Nxe6 Rxe6 33. b5 axb5 34. Qxb5 Ng4 35. d4 Re4 36. a6 Rxd4 37. Kf1 Rd2 38. Ke1 Ra2 39. h3 Nf6 40. Qb7 Ra1+ 41. Ke2 Ne4 42. a7 Nxg3+ 43. Kd3 Ra3+ 44. Kd4 Ra4+ 45. Kd5 Ra5+ 46. Kc6 Ra3 47. a8Q Rc3+ 1-0

[Event "Subotica-ch"]
[Site "Subotica"]
[Date "2014.02.28"]
[Round "5"]
[White "Vecseri, Julius"]
[Black "Mester, Robert"]
[Result "1-0"]
[WhiteElo "2020"]
[BlackElo "1933"]
[PlyCount "97"]
[EventDate "2014.02.19"]
[EventType "swiss"]
[EventRounds "9"]
[EventCountry "SRB"]
[SourceTitle "CBM 159 Extra"]
[Source "ChessBase"]
[SourceDate "2014.04.24"]
[SourceVersion "1"]
[SourceVersionDate "2014.04.24"]
[SourceQuality "1"]

1. d4 e5 2. e3 exd4 3. exd4 d5 4. Nf3 Nf6 5. Be2 Bd6 6. 0-0 0-0 7. h3 h6 8. Bd3 Be6 9. b3 Qd7 10. Ne5 Bxe5 11. dxe5 Ne4 12. Bxe4 dxe4 13. Qxd7 Nxd7 14. Bb2 f5 15. exf6 gxf6 16. Re1 Bf5 17. Nc3 Rae8 18. Nb5 a6 19. Nxc7 Rc8 20. Nd5 Rxc2 21. Ba3 Be6 22. Ne3 Rd2 23. Bxf8 Kxf8 24. Nf1 Rd4 25. f3 f5 26. fxe4 fxe4 27. Rad1 Rxd1 28. Rxd1 Ke7 29. Kf2 Nf6 30. Ne3 a5 31. Rd2 b5 32. Rc2 Kd6 33. Rd2+ Kc5 34. Rc2+ Kd6 35. g4 a4 36. b4 Nd7 37. a3 Ne5 38. Ke2 Nd3 39. Ng2 Bc4 40. Ke3 Ke5 41. h4 Be6 42. g5 hxg5 43. hxg5 Bc4 44. g6 Kf6 45. Kxe4 Kxg6 46. Nf4+ Nxf4 47. Kxf4 Kf6 48. Ke4 Ke6 49. Kd4 1-0

[Event "Subotica-ch"]
[Site "Subotica"]
[Date "2014.02.26"]
[Round "4"]
[White "Mester, Robert"]
[Black "Bacsa, Zoltan"]
[Result "1-0"]
[WhiteElo "1933"]
[BlackElo "1654"]
[PlyCount "86"]
[EventDate "2014.02.19"]
[EventType "swiss"]
[EventRounds "9"]
[EventCountry "SRB"]
[SourceTitle "CBM 159 Extra"]
[Source "ChessBase"]
[SourceDate "2014.04.24"]
[SourceVersion "1"]
[SourceVersionDate "2014.04.24"]
[SourceQuality "1"]

1. e4 d5 2. exd5 Nf6 3. Nc3 Nxd5 4. Nxd5 Qxd5 5. Qf3 Qe5+ 6. Be2 Nc6 7. c3 e6 8. d4 Qa5 9. Qd3 Bd7 10. Nf3 Be7 11. 0-0 0-0 12. Qb5 h6 13. b4 Qxb5 14. Bxb5 a6 15. Bd3 Rad8 16. a4 Bf6 17. Bf4 Rc8 18. b5 axb5 19. axb5 Ne7 20. Be5 Bxe5 21. Nxe5 Rfd8 22. Nxd7 Rxd7 23. Be4 c6 24. bxc6 bxc6 25. Rfd1 Nd5 26. Bxd5 cxd5 27. Rdc1 Rdc7 28. Ra3 Rc4 29. Kf1 Rxd4 30. cxd4 Rxc1+ 31. Ke2 g5 32. h4 Kg7 33. hxg5 hxg5 34. g4 Kg6 35. Ra6 Rc4 36. Ke3 Rc1 37. Ke2 Rc7 38. Ke3 Re7 39. Ra8 f5 40. Rg8+ Rg7 41. gxf5+ Kf6 42. Rxg7 Kxg7 43. fxe6 Kf6 1-0

[Event "Subotica-ch"]
[Site "Subotica"]
[Date "2014.02.21"]
[Round "2"]
[White "Mester, Robert"]
[Black "Smit, Jovan"]
[Result "1/2-1/2"]
[WhiteElo "1933"]
[BlackElo "1817"]
[PlyCount "55"]
[EventDate "2014.02.19"]
[EventType "swiss"]
[EventRounds "9"]
[EventCountry "SRB"]
[SourceTitle "CBM 159 Extra"]
[Source "ChessBase"]
[SourceDate "2014.04.24"]
[SourceVersion "1"]
[SourceVersionDate "2014.04.24"]
[SourceQuality "1"]

1. e4 c5 2. f4 Nc6 3. Nf3 d6 4. c3 g6 5. d4 cxd4 6. cxd4 Bg7 7. Bb5 Bd7 8. 0-0 Qb6 9. Bxc6 Bxc6 10. Nc3 Nf6 11. Re1 0-0 12. Kh1 Rad8 13. Qb3 Qxb3 14. axb3 a6 15. d5 Bd7 16. Be3 Rc8 17. Bd4 Nh5 18. Bxg7 Kxg7 19. g3 e6 20. dxe6 Bxe6 21. Nd4 Nf6 22. e5 dxe5 23. Rxe5 Bd7 24. Re7 Rfe8 25. Rae1 Rxe7 26. Rxe7 Re8 27. Rxe8 Bxe8 28. Kg2 1/2-1/2

[Event "Subotica-ch"]
[Site "Subotica"]
[Date "2013.05.22"]
[Round "5"]
[White "Jancikin, Svetozar"]
[Black "Mester, Robert"]
[Result "1-0"]
[WhiteElo "2059"]
[BlackElo "1943"]
[PlyCount "87"]
[EventDate "2013.05.13"]
[EventType "swiss"]
[EventRounds "9"]
[EventCountry "SRB"]
[SourceTitle "CBM 154 Extra"]
[Source "ChessBase"]
[SourceDate "2013.06.25"]
[SourceVersion "2"]
[SourceVersionDate "2013.06.25"]
[SourceQuality "1"]

1. e4 e5 2. Nf3 Nc6 3. Bc4 d6 4. h3 Na5 5. Bd3 c5 6. c3 Nc6 7. Bc2 Nf6 8. 0-0 Be7 9. d4 exd4 10. cxd4 cxd4 11. Nxd4 0-0 12. Nc3 h6 13. Be3 Re8 14. Qd2 Be6 15. Rad1 a6 16. f4 Nxd4 17. Bxd4 Bc4 18. Rf3 Nh7 19. b3 Bb5 20. Rg3 Bf6 21. Kh1 Bxd4 22. Qxd4 Qf6 23. Qe3 Bc6 24. Qd3 Qxf4 25. Rf1 Qe5 26. Rf5 Qe6 27. b4 Re7 28. Bb3 Qd7 29. Nd5 Bxd5 30. Bxd5 Kh8 31. h4 Nf6 32. Qd4 Re5 33. Rxe5 dxe5 34. Qxe5 Re8 35. Qb2 Qd6 36. Qc3 Qe5 37. Bxf7 Qxc3 38. Rxc3 Rxe4 39. Bg6 Rxh4+ 40. Kg1 Ng8 41. Rc8 Rf4 42. Rb8 Rf6 43. Bc2 g5 44. Rxb7 1-0

[Event "Subotica-ch"]
[Site "Subotica"]
[Date "2013.05.13"]
[Round "1"]
[White "Mester, Robert"]
[Black "Scepanovic, Labud"]
[Result "1/2-1/2"]
[WhiteElo "1943"]
[BlackElo "2186"]
[PlyCount "105"]
[EventDate "2013.05.13"]
[EventType "swiss"]
[EventRounds "9"]
[EventCountry "SRB"]
[SourceTitle "CBM 154 Extra"]
[Source "ChessBase"]
[SourceDate "2013.06.25"]
[SourceVersion "2"]
[SourceVersionDate "2013.06.25"]
[SourceQuality "1"]

1. e4 g6 2. d4 Bg7 3. f4 d6 4. Nf3 c5 5. Bb5+ Bd7 6. Bxd7+ Nxd7 7. c3 Qb6 8. 0-0 Nh6 9. a3 f5 10. e5 0-0-0 11. Kh1 dxe5 12. fxe5 Nf7 13. Qe2 e6 14. Nbd2 Kb8 15. b4 cxd4 16. cxd4 Rc8 17. Nb3 Qc6 18. Nc5 b6 19. Nxd7+ Qxd7 20. Be3 Qd5 21. Rfd1 Rc3 22. Bd2 Rc2 23. Rdc1 Rhc8 24. Qd1 R2c4 25. Kg1 Kb7 26. Kf2 Nd8 27. Rxc4 Rxc4 28. Rc1 Nc6 29. Rxc4 Qxc4 30. Qc1 Qd5 31. Bc3 h6 32. h4 Bf8 33. Qd2 a6 34. Qc1 Na7 35. Bb2 Qa2 36. Ke3 Nb5 37. Kf4 Be7 38. g4 Nc7 39. gxf5 exf5 40. Kg3 Qb3 41. Qc3 Qd5 42. Qe3 Bf8 43. Nd2 Qe6 44. Nf3 Nd5 45. Qg1 Be7 46. Bc1 Bf8 47. Qe1 Nc7 48. Qd2 Qd5 49. Bb2 Ne6 50. Ne1 g5 51. Qg2 Kc6 52. hxg5 hxg5 53. Qc2+ 1/2-1/2

[Event "Subotica Autumn op"]
[Site "Subotica"]
[Date "2012.12.22"]
[Round "8"]
[White "Mester, Robert"]
[Black "Avram, Veso"]
[Result "0-1"]
[WhiteElo "1950"]
[BlackElo "2130"]
[PlyCount "92"]
[EventDate "2012.12.14"]
[EventType "swiss"]
[EventRounds "9"]
[EventCountry "SRB"]
[SourceTitle "EXT 2014"]
[Source "ChessBase"]
[SourceDate "2013.11.20"]
[SourceVersion "1"]
[SourceVersionDate "2013.11.20"]
[SourceQuality "1"]

1. e4 c5 2. Nf3 e6 3. d4 cxd4 4. Nxd4 Nc6 5. Nxc6 bxc6 6. Bd3 Nf6 7. 0-0 d5 8. Qe2 Be7 9. Nc3 0-0 10. e5 Nd7 11. f4 f5 12. h3 Nc5 13. g4 Nxd3 14. cxd3 Bc5+ 15. Kg2 Bb7 16. Na4 Bd4 17. Rb1 c5 18. b3 Bc6 19. Bb2 Bxa4 20. Bxd4 cxd4 21. bxa4 Rb8 22. Qf2 fxg4 23. hxg4 Rxb1 24. Rxb1 Qc7 25. Rb4 Qc1 26. Qxd4 Qd1 27. f5 h5 28. f6 Qd2+ 29. Kh3 gxf6 30. exf6 Qg5 31. gxh5 Qxh5+ 32. Qh4 Qxh4+ 33. Kxh4 Kf7 34. Rb7+ Kxf6 35. Rxa7 Ke5 36. Kg3 Kd4 37. Re7 e5 38. a5 Ra8 39. Kg4 Rxa5 40. Kf5 Ra8 41. a4 Rxa4 42. Rxe5 Ra8 43. Re7 Kxd3 44. Ke5 d4 45. Rd7 Re8+ 46. Kd5 Ke3 0-1

[Event "Subotica Autumn op"]
[Site "Subotica"]
[Date "2012.12.20"]
[Round "6"]
[White "Jelovac, Ivko"]
[Black "Mester, Robert"]
[Result "0-1"]
[WhiteElo "1893"]
[BlackElo "1950"]
[PlyCount "89"]
[EventDate "2012.12.14"]
[EventType "swiss"]
[EventRounds "9"]
[EventCountry "SRB"]
[SourceTitle "EXT 2014"]
[Source "ChessBase"]
[SourceDate "2013.11.20"]
[SourceVersion "1"]
[SourceVersionDate "2013.11.20"]
[SourceQuality "1"]

1. e4 e5 2. Bc4 c6 3. Nf3 d5 4. exd5 cxd5 5. Bb5+ Bd7 6. Qe2 Bxb5 7. Qxb5+ Qd7 8. Qe2 e4 9. d3 f5 10. Ne5 Qe6 11. d4 Nc6 12. Qb5 0-0-0 13. Nxc6 Qxc6 14. Qxc6+ bxc6 15. c3 Nf6 16. b4 Bd6 17. g3 h6 18. a4 a5 19. bxa5 Kc7 20. Nd2 Ra8 21. 0-0 Rxa5 22. Nb3 Ra7 23. Ba3 Rha8 24. Bxd6+ Kxd6 25. a5 Nd7 26. Rfb1 c5 27. Nxc5 Nxc5 28. Rb6+ Ke7 29. dxc5 Rxa5 30. Rxa5 Rxa5 31. Rb7+ Kf6 32. Rc7 Ra1+ 33. Kg2 Rc1 34. h4 Rxc3 35. Rc6+ Kf7 36. Rc7+ Kg6 37. c6 d4 38. Rd7 d3 39. c7 Kf6 40. h5 Ke6 41. Rxg7 d2 42. Rg6+ Kd7 43. Rg7+ Kc8 44. Rg8+ Kxc7 45. Rg7+ 0-1